Kisah Juraji dengan bayi yang berkata-kata

Bibliographic Details
Main Author: Mohd. Ridza
Format: Book
Published: Selangor : Pustaka Murni , 2005
Series:Siri iktibar dan pedoman
Subjects:

MARC

LEADER 00000cam a2200000 7i4500
001 0000007438
005 20151222.0
008 070903
020 |a 9830783030 (set) 
020 |a 9830783073 
090 0 0 |a JF   |b REG MAL (8139) 
100 0 |a Mohd. Ridza 
245 1 0 |a Kisah Juraji dengan bayi yang berkata-kata   |c Mohd. Ridza 
260 |a Selangor :   |b Pustaka Murni ,   |c 2005 
440 |a Siri iktibar dan pedoman 
500 |a Children ages 7-9 years old (orange) 
650 0 |a Islamic stories, Malay 
999 |a 0000984211   |b Book   |c Children Collection   |e Cawangan Mersing 
999 |a 0000984212   |b Book   |c Children Collection   |e Cawangan Segamat 
999 |a 0000984213   |b Book   |c Children Collection   |e Perbadanan Perpustakaan Awam Johor 
999 |a 0000984214   |b Book   |c Children Collection   |e Cawangan Bandar Penawar 
999 |a 0000984215   |b Book   |c Children Collection   |e Perbadanan Perpustakaan Awam Johor